| 000 | 00351nam a2200133Ia 4500 | ||
|---|---|---|---|
| 005 | 20251222143233.0 | ||
| 008 | 251222s9999||||xx |||||||||||||| ||spa|| | ||
| 020 | _a978-958-20-0980-9 | ||
| 082 | _a370.7/O21 | ||
| 100 | _aO'Hanlon, Christine | ||
| 245 | 0 | _aInclusión Educacional como Investigación - Acción: | |
| 264 | _bMagisterio | ||
| 942 | _cLIB | ||
| 999 |
_c14286 _d14286 |
||